000 00612nam a2200229Ia 4500
005 20250108124939.0
008 008 250107s9999 xx 000 0 eng d
020 _a978-93-92252-14-3
037 _aTB
040 _aCRL
_beng
_cCRL
041 _aeng
_2eng
084 _aR65,6:g 152N0
084 _qCRL
100 _aBhushan Shanti Au.
_9730128
245 0 _aCourting destiny:a memoir
_cBhushan Shanti Au.
260 _aNew Delhi, India
_bPenguen Viking
_c2778
300 _axiv,395p.
365 _aINR
_b300
650 _aLAW
942 _cTB
_hR65,6:g 152N0
999 _c1235166
_d1235166